<?xml version="1.0" encoding="UTF-8"?>
<marc:record xmlns:marc="http://www.loc.gov/MARC21/slim">
   <marc:leader>00000nam a2200000 a 4500</marc:leader>
   <marc:datafield ind1="1" ind2=" " tag="100">
      <marc:subfield code="a">Hanappi, Irene</marc:subfield>
      <marc:subfield code="4">aut</marc:subfield>
      <marc:subfield code="e">Verfasser/-in</marc:subfield>
   </marc:datafield>
   <marc:datafield ind1=" " ind2=" " tag="653">
      <marc:subfield code="a">Bratislava</marc:subfield>
   </marc:datafield>
   <marc:datafield ind1=" " ind2=" " tag="653">
      <marc:subfield code="a">Slowakei</marc:subfield>
   </marc:datafield>
   <marc:datafield ind1=" " ind2=" " tag="653">
      <marc:subfield code="a">Softcover / Reiseführer/Europa</marc:subfield>
   </marc:datafield>
   <marc:datafield ind1=" " ind2=" " tag="653">
      <marc:subfield code="a">Führer</marc:subfield>
   </marc:datafield>
   <marc:datafield ind1="0" ind2="0" tag="245">
      <marc:subfield code="a">Bratislava</marc:subfield>
   </marc:datafield>
   <marc:datafield ind1="0" ind2="0" tag="245">
      <marc:subfield code="b">gehen, sehen &amp; genießen ; 5 Routen durch die Hauptstadt der Slowakei, Geschichte, Kultur, Sightseeing, Essen und Trinken</marc:subfield>
   </marc:datafield>
   <marc:datafield ind1="0" ind2="0" tag="245">
      <marc:subfield code="c">Irene Hanappi</marc:subfield>
   </marc:datafield>
   <marc:datafield ind1=" " ind2="1" tag="264">
      <marc:subfield code="a">Wien</marc:subfield>
      <marc:subfield code="b">Falter-Verl.</marc:subfield>
      <marc:subfield code="c">2013</marc:subfield>
   </marc:datafield>
   <marc:datafield ind1="1" ind2=" " tag="490">
      <marc:subfield code="a">Falters city walks</marc:subfield>
      <marc:subfield code="v">10</marc:subfield>
   </marc:datafield>
   <marc:datafield ind1=" " ind2=" " tag="250">
      <marc:subfield code="a">4., überarb. Aufl.</marc:subfield>
   </marc:datafield>
   <marc:datafield ind1="1" ind2=" " tag="520">
      <marc:subfield code="a">Angaben aus der Verlagsmeldung

Bratislava : Gehen, sehen und genießen. 5 Routen durch die Hauptstadt der Slowakei. Geschichte, Kultur, Sightseeing, Essen und Trinken / von Irene Hanappi

„Bratislava“ ist die ideale Anleitung für Kultur-, Ess-, Vergnügungs- und Erkundungstouren in der nur 60 km von Wien entfernten Hauptstadt der Slowakei. Auf verschiedenen Spaziergängen lernt der Reisende eine aufregende Stadtlandschaft kennen – und das aus ganz neuen Perspektiven, denn die Informationen, die die Autorin zusammengetragen hat und anhand von fünf Routen präsentiert, sind erstmals in dieser Form verfügbar.

Farbfotos und übersichtliche Stadtpläne mit Routenskizzen ergeben mit Wegbeschreibung, Zusatzinfos und Leitsystem das ideale Lesebuch für die Westentasche und machen schon beim Durchblättern Lust auf das, was auf den Routen durch Bratislava – das seit Juni 2006 von Wien aus auch per Schnellschiff in nur 75 Minuten erreichbar ist – zu erwarten ist.
</marc:subfield>
   </marc:datafield>
   <marc:datafield ind1=" " ind2=" " tag="020">
      <marc:subfield code="a">9783854395058</marc:subfield>
      <marc:subfield code="9">9783854395058</marc:subfield>
   </marc:datafield>
   <marc:datafield ind1=" " ind2=" " tag="041">
      <marc:subfield code="a">ger</marc:subfield>
   </marc:datafield>
   <marc:datafield ind1=" " ind2=" " tag="300">
      <marc:subfield code="a">136 S.</marc:subfield>
   </marc:datafield>
</marc:record>
